Combustion of Coal with Forest Biomass in Nonisothermal Heating; Coke and Chemistry; Vol. 65, iss. 8

Dades bibliogràfiques
Parent link:Coke and Chemistry
Vol. 65, iss. 8.— 2022.— [P. 308-315]
Autor principal: Zhuykov A. V. Andrey Vladimirovich
Autor corporatiu: Национальный исследовательский Томский политехнический университет Исследовательская школа физики высокоэнергетических процессов
Altres autors: Glushkov D. O. Dmitry Olegovich
Sumari:Title screen
The combustion of coal, forest biomass (pine sawdust), and their mixtures in nonisothermal heating at 20°C/min is considered. By thermogravimetric analysis, characteristics such as the ignition temperature, burnup temperature, combustion index, maximum reaction rate, and exothermal or endothermal effects are determined. Adding forest biomass to coal increases the combustion index threefold, while the ignition temperature falls by more than 100°C. Preliminary assessment of slag formation on boiler screens shows that less slag is formed when pine sawdust is added.
Режим доступа: по договору с организацией-держателем ресурса
Idioma:anglès
Publicat: 2022
Matèries:
Accés en línia:https://doi.org/10.3103/S1068364X22080075
Format: Electrònic Capítol de llibre
KOHA link:https://koha.lib.tpu.ru/cgi-bin/koha/opac-detail.pl?biblionumber=668573

MARC

LEADER 00000naa0a2200000 4500
001 668573
005 20250227104755.0
035 |a (RuTPU)RU\TPU\network\39800 
035 |a RU\TPU\network\39482 
090 |a 668573 
100 |a 20221229d2022 k||y0rusy50 ba 
101 0 |a eng 
102 |a US 
135 |a drcn ---uucaa 
181 0 |a i  
182 0 |a b 
200 1 |a Combustion of Coal with Forest Biomass in Nonisothermal Heating  |f A. V. Zhuykov, D. O. Glushkov 
203 |a Text  |c electronic 
300 |a Title screen 
320 |a [References: 24 tit.] 
330 |a The combustion of coal, forest biomass (pine sawdust), and their mixtures in nonisothermal heating at 20°C/min is considered. By thermogravimetric analysis, characteristics such as the ignition temperature, burnup temperature, combustion index, maximum reaction rate, and exothermal or endothermal effects are determined. Adding forest biomass to coal increases the combustion index threefold, while the ignition temperature falls by more than 100°C. Preliminary assessment of slag formation on boiler screens shows that less slag is formed when pine sawdust is added. 
333 |a Режим доступа: по договору с организацией-держателем ресурса 
461 |t Coke and Chemistry 
463 |t Vol. 65, iss. 8  |v [P. 308-315]  |d 2022 
610 1 |a электронный ресурс 
610 1 |a труды учёных ТПУ 
610 1 |a coal 
610 1 |a forest biomass 
610 1 |a pine sawdust 
610 1 |a fuel mixtures 
610 1 |a combustion 
610 1 |a thermogravimetric analysis 
610 1 |a slag formation 
610 1 |a каменный уголь 
610 1 |a опилки 
610 1 |a топливные смеси 
610 1 |a горение 
700 1 |a Zhuykov  |b A. V.  |g Andrey Vladimirovich 
701 1 |a Glushkov  |b D. O.  |c specialist in the field of power engineering  |c Professor, Director of the ISHFVP of the Tomsk Polytechnic University, Doctor of Technical Sciences  |f 1988-  |g Dmitry Olegovich  |3 (RuTPU)RU\TPU\pers\32471  |9 16419 
712 0 2 |a Национальный исследовательский Томский политехнический университет  |b Исследовательская школа физики высокоэнергетических процессов  |c (2017- )  |3 (RuTPU)RU\TPU\col\23551 
801 0 |a RU  |b 63413507  |c 20221229  |g RCR 
856 4 |u https://doi.org/10.3103/S1068364X22080075 
942 |c CF